[Event "Torneo Zonale"]
[Site "Caorle ITA"]
[Date "1972.07.??"]
[Round "1"]
[White "Bellon Lopez, Juan Manuel"]
[Black "Williams, Arthur Howard"]
[WhiteElo "2385"]
[BlackElo "2390"]
[Result "1/2-1/2"]
[PlyCount "112"]
[EventDate "1972.07.02"]

1. b3 d5 2. Bb2 Nf6 3. Nf3 g6 4. g3 Bg7 5. Bg2 O-O 6. O-O c6 7. d3 Bg4 8. Nbd2
Nbd7 9. c4 Qb6 10. Rc1 Bxf3 11. Nxf3 Rad8 12. Qd2 Rfe8 13. Bc3 Rc8 14. Bh3 e6
15. Rfe1 Nh5 16. Bxg7 Kxg7 17. g4 Nhf6 18. g5 Nh5 19. Bg4 Kg8 20. Bxh5 gxh5 21.
Qf4 Nf8 22. Qh4 Ng6 23. Qxh5 Qc7 24. e3 Ne5 25. Nxe5 Qxe5 26. Qg4 Rcd8 27. d4
Qe4 28. Qxe4 dxe4 29. Kg2 Kg7 30. Kg3 Kg6 31. Kf4 e5+ 32. dxe5 Rd2 33. Rf1 Rxa2
34. Kxe4 Kxg5 35. Rg1+ Kh6 36. Rcf1 f6 37. Kf5 fxe5 38. Ke4 Rf8 39. f3 Rxh2 40.
Rh1 Rxh1 41. Rxh1+ Kg6 42. Ra1 a6 43. Ra5 h5 44. Rxe5 Rh8 45. f4 h4 46. Rg5+
Kf6 47. Rg2 h3 48. Rh2 c5 49. Kf3 b5 50. cxb5 axb5 51. e4 c4 52. bxc4 bxc4 53.
Ke2 c3 54. Kd3 Rh4 55. Kxc3 Rxf4 56. Rxh3 Rxe4 1/2-1/2

[Event "Torneo Zonale"]
[Site "Caorle ITA"]
[Date "1972.07.??"]
[Round "1"]
[White "Bohosjan, Sarkis Stepan"]
[Black "Ivkov, Borislav"]
[WhiteElo "2425"]
[BlackElo "2520"]
[Result "0-1"]
[PlyCount "106"]
[EventDate "1972.07.02"]

1. e4 e5 2. Nf3 Nc6 3. Bb5 a6 4. Ba4 d6 5. Bxc6+ bxc6 6. d4 exd4 7. Nxd4 c5 8.
Nc6 Qd7 9. Na5 Qa4 10. Qd5 Rb8 11. Qc6+ Qxc6 12. Nxc6 Ra8 13. Na5 f5 14. f3
fxe4 15. fxe4 Be6 16. Nc3 Ne7 17. Be3 Ng6 18. O-O-O Be7 19. Nd5 Bxd5 20. Rxd5
Bf6 21. Nc4 O-O 22. Bd2 Rae8 23. Re1 Rf7 24. Ba5 Nf4 25. Rd2 Rfe7 26. e5 Ng6
27. Rde2 Nxe5 28. Nxe5 Rxe5 29. Rxe5 Bxe5 30. c4 c6 31. h3 Kf7 32. Kc2 h5 33.
Rf1+ Bf6 34. Kd3 Re5 35. Bd2 d5 36. b3 Kg6 37. cxd5 cxd5 38. Bf4 Re4 39. Be3
c4+ 40. bxc4 Rxc4 41. Rf4 Rc3+ 42. Kd2 Rxe3 43. Kxe3 Bg5 44. Kf3 Bxf4 45. Kxf4
Kf6 46. h4 g6 47. g4 hxg4 48. Kxg4 Ke5 49. Kg5 d4 50. Kxg6 d3 51. h5 d2 52. h6
d1=Q 53. h7 Qd6+ 0-1

[Event "Torneo Zonale"]
[Site "Caorle ITA"]
[Date "1972.07.??"]
[Round "1"]
[White "Dunkelblum, Arthur"]
[Black "Pomar Salamanca, Arturo"]
[WhiteElo "2240"]
[BlackElo "2460"]
[Result "1/2-1/2"]
[PlyCount "83"]
[EventDate "1972.07.02"]

1. d4 Nf6 2. c4 e6 3. Nc3 Bb4 4. Qb3 c5 5. dxc5 Na6 6. a3 Bxc5 7. Nf3 O-O 8.
Bg5 h6 9. Bh4 Be7 10. Qc2 d5 11. e3 Qa5 12. Nd2 Nb4 13. Qd1 Nc6 14. Nb3 Qb6 15.
cxd5 Rd8 16. Qc2 exd5 17. Bd3 Be6 18. Na4 Qc7 19. Bg3 Bd6 20. O-O Bxg3 21. hxg3
Rac8 22. Nc3 d4 23. Nxd4 Nxd4 24. exd4 Rxd4 25. Rfd1 Qb6 26. Bf5 Bb3 27. Qb1
Bxd1 28. Bxc8 Bh5 29. Qc1 Bg6 30. Bh3 Qb3 31. Nd1 Ne4 32. Bg4 Kh7 33. Bf3 Nd2
34. Ne3 Qb6 35. Qc3 Rd3 36. Qb4 Nxf3+ 37. gxf3 Qf6 38. Qxb7 Rd2 39. Ng4 Qxb2
40. Qxb2 Rxb2 41. Re1 a5 42. Ne5 1/2-1/2

[Event "Torneo Zonale"]
[Site "Caorle ITA"]
[Date "1972.07.??"]
[Round "1"]
[White "Jansa, Vlastimil"]
[Black "Forintos, Gyozo Victor"]
[WhiteElo "2480"]
[BlackElo "2495"]
[Result "1-0"]
[PlyCount "87"]
[EventDate "1972.07.02"]

1. e4 c5 2. Nf3 g6 3. c4 Bg7 4. d4 d6 5. Be2 Bg4 6. d5 e6 7. dxe6 fxe6 8. Ng5
Bxe2 9. Qxe2 Qe7 10. Qg4 Kd7 11. Nc3 Nh6 12. Qh3 Nf7 13. Nxf7 Qxf7 14. O-O Nc6
15. f4 Bd4+ 16. Be3 Rhf8 17. Rad1 a6 18. e5 Qf5 19. g4 Qf7 20. Ne4 dxe5 21.
Nxc5+ Kc7 22. fxe5 Qe7 23. Rxd4 Nxd4 24. Bxd4 Rad8 25. Rxf8 Rxf8 26. Qb3 Kc8
27. Qb6 Rf4 28. Qxe6+ Qxe6 29. Nxe6 Rxg4+ 30. Kf2 b6 31. Bc3 Rxc4 32. Nd4 Rc5
33. Nf3 Rc4 34. Ke3 Rg4 35. h3 Rg3 36. h4 Rg4 37. e6 Kd8 38. Bf6+ Ke8 39. Ng5
Rg1 40. Ne4 Rd1 41. Kf4 Rd5 42. Bg5 Rf5+ 43. Kg4 Re5 44. Nd6+ 1-0

[Event "Torneo Zonale"]
[Site "Caorle ITA"]
[Date "1972.07.??"]
[Round "1"]
[White "Keene, Raymond Dennis"]
[Black "Friedgood, David"]
[WhiteElo "2435"]
[BlackElo "2310"]
[Result "1-0"]
[PlyCount "75"]
[EventDate "1972.07.02"]

1. Nf3 g6 2. c4 Bg7 3. d4 c5 4. d5 d6 5. g3 Nf6 6. Bg2 O-O 7. O-O b5 8. cxb5 a6
9. b6 Nbd7 10. Nc3 Nxb6 11. e4 Bg4 12. Qc2 Bxf3 13. Bxf3 Nfd7 14. Rb1 Qc7 15.
Be2 e6 16. a4 exd5 17. a5 Nc8 18. Nxd5 Qxa5 19. Bg5 f6 20. Bd2 Qd8 21. Nf4 Re8
22. Bc4+ Kh8 23. Ne6 Qb6 24. b4 Qa7 25. Bd5 Rb8 26. bxc5 Rxb1 27. Rxb1 Nxc5 28.
Be3 Nb6 29. Bxc5 dxc5 30. Qxc5 Rb8 31. Qd6 h6 32. Rc1 Nxd5 33. exd5 Rb7 34.
Rc8+ Kh7 35. Qd8 g5 36. Nxg7 Rxg7 37. Qxf6 Qd7 38. Rc6 1-0

[Event "Torneo Zonale"]
[Site "Caorle ITA"]
[Date "1972.07.??"]
[Round "1"]
[White "Pritchett, Craig William"]
[Black "Silva, Fernando"]
[WhiteElo "2340"]
[BlackElo "2295"]
[Result "0-1"]
[PlyCount "56"]
[EventDate "1972.07.02"]

1. e4 c5 2. Nf3 Nc6 3. d4 cxd4 4. Nxd4 g6 5. Nc3 Bg7 6. Be3 Nf6 7. Bc4 O-O 8.
Bb3 d6 9. f3 Bd7 10. Qd2 Nxd4 11. Bxd4 b5 12. h4 a5 13. a4 bxa4 14. Nxa4 e5 15.
Bc3 Be6 16. O-O-O Bxb3 17. cxb3 Qb8 18. Qxd6 Qxb3 19. Qa3 Qb5 20. g4 Rfd8 21.
Rxd8+ Rxd8 22. g5 Nh5 23. Bd2 Bf8 24. Qa2 Qd3 25. Bxa5 Ng3 26. Nc3 Bc5 27. b3
Nxh1 28. Bxd8 Qxc3+ 0-1

[Event "Torneo Zonale"]
[Site "Caorle ITA"]
[Date "1972.07.??"]
[Round "1"]
[White "Ree, Hans"]
[Black "Eising, Johannes"]
[WhiteElo "2480"]
[BlackElo "2410"]
[Result "1/2-1/2"]
[PlyCount "82"]
[EventDate "1972.07.02"]

1. d4 Nf6 2. c4 c5 3. d5 d6 4. Nc3 g6 5. e4 Bg7 6. Nf3 O-O 7. h3 e6 8. Bd3 exd5
9. exd5 Re8+ 10. Be3 Nbd7 11. O-O Ne5 12. Nxe5 Rxe5 13. Qd2 Bf5 14. Bxf5 gxf5
15. f3 Nh5 16. Rfe1 Qh4 17. Bf2 Qf4 18. Qxf4 Nxf4 19. Rad1 Rxe1+ 20. Bxe1 Be5
21. Kf1 Nh5 22. g4 fxg4 23. hxg4 Nf4 24. Ne4 Kg7 25. b3 Kg6 26. Bh4 f6 27. Rd2
a6 28. a4 b5 29. axb5 axb5 30. Bg3 Ra3 31. cxb5 Rxb3 32. Bxf4 Bxf4 33. Ra2
Rxf3+ 34. Rf2 Rd3 35. Rxf4 Rxd5 36. Rxf6+ Kg7 37. Rxd6 Re5 38. Nd2 c4 39. Nxc4
Rxb5 40. Rd7+ Kg6 41. Rd6+ Kg5 1/2-1/2

[Event "Torneo Zonale"]
[Site "Caorle ITA"]
[Date "1972.07.??"]
[Round "1"]
[White "Wirthensohn, Heinz"]
[Black "Tatai, Stefano"]
[WhiteElo "2315"]
[BlackElo "2460"]
[Result "1-0"]
[PlyCount "81"]
[EventDate "1972.07.02"]

1. c4 c5 2. Nf3 Nf6 3. Nc3 e6 4. g3 b6 5. Bg2 Bb7 6. O-O Be7 7. d4 cxd4 8. Qxd4
Nc6 9. Qf4 O-O 10. Rd1 d6 11. b3 Qb8 12. e4 Rd8 13. Bb2 a6 14. Qe3 b5 15. cxb5
axb5 16. Nxb5 Nb4 17. Nfd4 d5 18. e5 Nd7 19. a3 Na6 20. f4 Nac5 21. Rac1 Rc8
22. Rc2 Ba6 23. a4 Qb6 24. Rdc1 Bf8 25. h3 Bxb5 26. axb5 Qb7 27. Kh2 Nb6 28.
Nc6 Nbd7 29. Nd4 Nb6 30. Qe2 Ra2 31. Bc3 Rxc2 32. Rxc2 Ne4 33. Ba5 Rxc2 34.
Qxc2 Bc5 35. Bxe4 Bxd4 36. Bxh7+ Kh8 37. Bd3 g5 38. Qe2 gxf4 39. Qh5+ Kg7 40.
Qh7+ Kf8 41. Bb4+ 1-0

[Event "Torneo Zonale"]
[Site "Caorle ITA"]
[Date "1972.07.??"]
[Round "2"]
[White "Bellon Lopez, Juan Manuel"]
[Black "Wirthensohn, Heinz"]
[WhiteElo "2385"]
[BlackElo "2315"]
[Result "0-1"]
[PlyCount "96"]
[EventDate "1972.07.02"]

1. b3 e5 2. Bb2 Nc6 3. e3 Nf6 4. Bb5 d6 5. Ne2 g6 6. f4 Bg7 7. O-O O-O 8. Bxc6
bxc6 9. Na3 Qe7 10. Nc4 exf4 11. Rxf4 Nd5 12. Bxg7 Kxg7 13. Rf1 Ba6 14. Na3
Rae8 15. c4 Nf6 16. Qc1 Ne4 17. Nc3 Bc8 18. Nxe4 Qxe4 19. Qc3+ Qe5 20. Qxe5+
Rxe5 21. Rfc1 Ra5 22. Nc2 Bd7 23. a4 Rb8 24. b4 Rg5 25. b5 c5 26. Ne1 Re8 27.
Nd3 Bc8 28. g3 h5 29. Nf4 h4 30. Kf2 Rh8 31. e4 hxg3+ 32. hxg3 Rh2+ 33. Ng2 Bb7
34. Re1 f5 35. Rh1 Rxh1 36. Rxh1 Bxe4 37. Re1 Bxg2 38. Re7+ Kf6 39. Rxc7 Be4
40. Rxa7 Rh5 41. a5 Rh8 42. a6 Rh2+ 43. Ke3 Rg2 44. Rd7 Rxg3+ 45. Ke2 Ke6 46.
Rd8 Ra3 47. Re8+ Kf7 48. Rh8 Kg7 0-1

[Event "Torneo Zonale"]
[Site "Caorle ITA"]
[Date "1972.07.??"]
[Round "2"]
[White "Eising, Johannes"]
[Black "Keene, Raymond Dennis"]
[WhiteElo "2410"]
[BlackElo "2435"]
[Result "1/2-1/2"]
[PlyCount "37"]
[EventDate "1972.07.02"]

1. d4 g6 2. e4 Bg7 3. Nc3 d6 4. h3 Nf6 5. Nf3 O-O 6. Be2 Na6 7. O-O c5 8. d5
Nc7 9. a4 Rb8 10. Bf4 a6 11. a5 b6 12. e5 Nfe8 13. axb6 Rxb6 14. Na4 Rb4 15. c4
Bd7 16. b3 Qb8 17. Ra3 Bxa4 18. bxa4 Na8 19. exd6 1/2-1/2

[Event "Torneo Zonale"]
[Site "Caorle ITA"]
[Date "1972.07.??"]
[Round "2"]
[White "Ivkov, Borislav"]
[Black "Jansa, Vlastimil"]
[WhiteElo "2520"]
[BlackElo "2480"]
[Result "1/2-1/2"]
[PlyCount "57"]
[EventDate "1972.07.02"]

1. Nf3 Nf6 2. b4 e6 3. a3 b6 4. g3 Bb7 5. Bg2 Be7 6. O-O O-O 7. c4 c5 8. bxc5
bxc5 9. Nc3 Nc6 10. Rb1 Rb8 11. d3 Ba8 12. Rxb8 Qxb8 13. Bf4 d6 14. Qa4 Nd7 15.
Rb1 Nb6 16. Qd1 Qc7 17. Na4 Nd7 18. Nd2 Nd4 19. Bxa8 Rxa8 20. Nb3 Nxb3 21. Rxb3
Rb8 22. Qb1 Rxb3 23. Qxb3 a6 24. Nc3 Qc6 25. g4 h6 26. h3 Nb6 27. a4 Nd7 28. f3
Bd8 29. Bd2 1/2-1/2

[Event "Torneo Zonale"]
[Site "Caorle ITA"]
[Date "1972.07.??"]
[Round "2"]
[White "Ljubojevic, Ljubomir"]
[Black "Bohosjan, Sarkis Stepan"]
[WhiteElo "2550"]
[BlackElo "2425"]
[Result "1/2-1/2"]
[PlyCount "93"]
[EventDate "1972.07.02"]

1. e4 e5 2. Nf3 Nc6 3. Bb5 a6 4. Ba4 Nf6 5. O-O b5 6. Bb3 Be7 7. Re1 d6 8. c3
O-O 9. h3 Na5 10. Bc2 c5 11. d4 Qc7 12. Nbd2 cxd4 13. cxd4 Nc6 14. d5 Nb4 15.
Bb1 a5 16. a3 Na6 17. b4 axb4 18. axb4 Bd7 19. Qb3 Nc5 20. bxc5 Rxa1 21. c6 Bc8
22. Bb2 Ra8 23. Bc3 Ba6 24. Bb4 Rfb8 25. Bd3 Ne8 26. Nb1 Bd8 27. Nc3 Qe7 28.
Ra1 Bb6 29. Qb2 Nc7 30. Qe2 Ra7 31. Rb1 h6 32. g3 Bd4 33. Kg2 Bxc3 34. Bxc3
Raa8 35. Rb2 Bc8 36. Nd2 Qg5 37. Bb4 Qg6 38. Nf1 Ra4 39. Bc2 Ra1 40. Ne3 Qf6
41. Bc3 Ra3 42. Qd2 Qe7 43. Bd3 Ra4 44. Qc2 Raa8 45. Rb4 Rb6 46. h4 Rab8 47.
Qe2 1/2-1/2

[Event "Torneo Zonale"]
[Site "Caorle ITA"]
[Date "1972.07.??"]
[Round "2"]
[White "Pomar Salamanca, Arturo"]
[Black "Pritchett, Craig William"]
[WhiteElo "2460"]
[BlackElo "2340"]
[Result "1-0"]
[PlyCount "66"]
[EventDate "1972.07.02"]

1. Nf3 f5 2. g3 Nf6 3. Bg2 d6 4. d4 e6 5. c4 Be7 6. Nc3 O-O 7. O-O Qe8 8. Ng5
c6 9. b4 h6 10. Nf3 d5 11. c5 Nbd7 12. Bf4 Qh5 13. e3 g5 14. Bc7 Ne8 15. Be5 g4
16. Nd2 Nxe5 17. dxe5 b6 18. Nb3 Nc7 19. Qd4 Rb8 20. Rfc1 Ba6 21. Qd2 Qe8 22.
Bf1 Bxf1 23. Kxf1 h5 24. Ne2 h4 25. Ned4 Kf7 26. a4 Na6 27. cxb6 Rxb6 28. a5
Rxb4 29. Rxc6 Rxb3 30. Rxa6 hxg3 31. hxg3 Rb7 32. Rxe6 Bb4 33. Qc2 Qb8 1-0

[Event "Torneo Zonale"]
[Site "Caorle ITA"]
[Date "1972.07.??"]
[Round "2"]
[White "Silva, Fernando"]
[Black "Ree, Hans"]
[WhiteElo "2295"]
[BlackElo "2480"]
[Result "1-0"]
[PlyCount "79"]
[EventDate "1972.07.02"]

1. e4 g6 2. d4 Bg7 3. c4 d6 4. Nc3 Nf6 5. Be2 O-O 6. Nf3 c5 7. O-O Bg4 8. Be3
Bxf3 9. Bxf3 cxd4 10. Bxd4 Nc6 11. Be3 Qa5 12. Qd2 Rfc8 13. Be2 Ne5 14. b3 b5
15. f4 b4 16. Nd5 Nxd5 17. exd5 Nd7 18. Rad1 Nc5 19. f5 Qb6 20. Bg4 Rf8 21. Rf2
a5 22. Bd4 a4 23. Bxg7 Kxg7 24. Qd4+ Kg8 25. fxg6 hxg6 26. Rd3 axb3 27. Rh3 f6
28. axb3 Rfb8 29. Bd1 Qa7 30. Qh4 Kf7 31. Rxf6+ Ke8 32. Rf8+ Kd7 33. Bg4+ Kc7
34. Qxe7+ Nd7+ 35. Rf2 Rd8 36. Bxd7 Rxd7 37. Qxd7+ Kxd7 38. Rh7+ Ke8 39. Rxa7
Rxa7 40. Rf3 1-0

[Event "Torneo Zonale"]
[Site "Caorle ITA"]
[Date "1972.07.??"]
[Round "2"]
[White "Tatai, Stefano"]
[Black "Dunkelblum, Arthur"]
[WhiteElo "2460"]
[BlackElo "2240"]
[Result "1-0"]
[PlyCount "133"]
[EventDate "1972.07.02"]

1. e4 e6 2. d3 c5 3. Nd2 Nc6 4. Ngf3 g6 5. g3 Bg7 6. Bg2 Nge7 7. O-O O-O 8. Re1
d6 9. a4 Qc7 10. Nc4 e5 11. c3 h6 12. Nh4 g5 13. Nf3 Be6 14. h4 f6 15. Ne3 Rad8
16. hxg5 hxg5 17. c4 Nb4 18. Ra3 Qc8 19. Bd2 a5 20. Bxb4 axb4 21. Ra1 Nc6 22.
Nh2 Nd4 23. b3 Qd7 24. Rb1 Qf7 25. g4 Qg6 26. Nf5 Rf7 27. Re3 Bf8 28. Nf1 Rh7
29. N1g3 Kf7 30. Bf3 Ke8 31. Kg2 Kd7 32. Re1 Kc7 33. Qd2 Rdd7 34. Qa2 Qe8 35.
Rh1 Rdf7 36. Nxd4 exd4 37. Nh5 Be7 38. Ng3 Bd7 39. Ra1 Kb8 40. Qe2 Bd8 41. Rh5
Qg8 42. Rah1 Rxh5 43. Rxh5 Rh7 44. Nf5 Bc7 45. Qd1 Be8 46. Rxh7 Qxh7 47. Kf1
Bd7 48. Bg2 Qh2 49. Qf3 Qf4 50. Qxf4 gxf4 51. Bf3 Bxf5 52. exf5 Bd8 53. Kg2 Kc7
54. Bd5 Be7 55. Kf3 Bf8 56. g5 fxg5 57. f6 b6 58. Kg4 Kd8 59. Kxg5 Ke8 60. f3
Kd7 61. Kxf4 Bh6+ 62. Kf5 Ke8 63. Kg6 Bf8 64. f4 Kd8 65. f5 Ke8 66. f7+ Kd8 67.
f6 1-0

[Event "Torneo Zonale"]
[Site "Caorle ITA"]
[Date "1972.07.??"]
[Round "2"]
[White "Williams, Arthur Howard"]
[Black "Forintos, Gyozo Victor"]
[WhiteElo "2390"]
[BlackElo "2495"]
[Result "0-1"]
[PlyCount "83"]
[EventDate "1972.07.02"]

1. e4 g6 2. d4 Bg7 3. Nf3 d6 4. Bc4 c5 5. dxc5 Qa5+ 6. c3 Qxc5 7. Qb3 e6 8. Be3
Qc7 9. Na3 a6 10. O-O-O Nc6 11. Qb6 Qxb6 12. Bxb6 Nf6 13. Rhe1 Bf8 14. Bc7 b5
15. Bb3 Ng4 16. Bxd6 Bh6+ 17. Kc2 Nxf2 18. Ra1 Ng4 19. Bc5 Bf8 20. Bxf8 Kxf8
21. e5 h5 22. Nb1 Bb7 23. Nbd2 Rc8 24. a3 Ke7 25. h3 Nh6 26. Rad1 Na5 27. Ne4
Nxb3 28. Kxb3 Bd5+ 29. Kc2 Rc7 30. Nf6 Bc6 31. Rd2 Nf5 32. Ng5 h4 33. Nge4 Rb8
34. Kb3 a5 35. Rd3 Ra7 36. Ra1 Raa8 37. Re1 b4 38. axb4 axb4 39. Rc1 Bb5 40.
Rf3 Ba4+ 41. Kc4 Bb5+ 42. Kb3 0-1

[Event "Torneo Zonale"]
[Site "Caorle ITA"]
[Date "1972.07.??"]
[Round "3"]
[White "Bohosjan, Sarkis Stepan"]
[Black "Friedgood, David"]
[WhiteElo "2425"]
[BlackElo "2310"]
[Result "0-1"]
[PlyCount "64"]
[EventDate "1972.07.02"]

1. e4 g6 2. d4 Bg7 3. Nc3 d6 4. f4 a6 5. Nf3 b5 6. Bd3 Bb7 7. O-O Nd7 8. e5 e6
9. exd6 cxd6 10. d5 exd5 11. f5 Ngf6 12. Qe1+ Qe7 13. Bf4 Ne4 14. Ng5 gxf5 15.
a4 Ne5 16. axb5 Nxg5 17. bxa6 Bc6 18. Nb5 Ne6 19. Qg3 Nxd3 20. Nxd6+ Kd7 21.
cxd3 Nxf4 22. Qxf4 Be5 23. Qxf5+ Kxd6 24. Rfe1 d4 25. Ra5 f6 26. Rc1 Rhc8 27.
Rcc5 Qd7 28. Qh5 Qg7 29. g3 Qg6 30. Rxe5 fxe5 31. Qxe5+ Kd7 32. Qxd4+ Qd6 0-1

[Event "Torneo Zonale"]
[Site "Caorle ITA"]
[Date "1972.07.??"]
[Round "3"]
[White "Dunkelblum, Arthur"]
[Black "Bellon Lopez, Juan Manuel"]
[WhiteElo "2240"]
[BlackElo "2385"]
[Result "1/2-1/2"]
[PlyCount "47"]
[EventDate "1972.07.02"]

1. d4 Nf6 2. c4 c5 3. Nf3 cxd4 4. Nxd4 e5 5. Nb5 d5 6. cxd5 Qa5+ 7. N5c3 b5 8.
Nd2 b4 9. Nb3 Qd8 10. Nb1 Qxd5 11. Qxd5 Nxd5 12. e4 Nc7 13. Be3 Nc6 14. a4 Bd7
15. Bb5 a6 16. Bc4 Ne6 17. O-O Bd6 18. N1d2 Ke7 19. Rfc1 Rhc8 20. Bd5 Rab8 21.
Nc4 Ncd4 22. Bxd4 Nxd4 23. Nxd4 exd4 24. b3 1/2-1/2

[Event "Torneo Zonale"]
[Site "Caorle ITA"]
[Date "1972.07.??"]
[Round "3"]
[White "Forintos, Gyozo Victor"]
[Black "Ivkov, Borislav"]
[WhiteElo "2495"]
[BlackElo "2520"]
[Result "0-1"]
[PlyCount "76"]
[EventDate "1972.07.02"]

1. d4 e6 2. g3 c5 3. Nf3 Nf6 4. Bg2 Nc6 5. O-O d5 6. b3 cxd4 7. Nxd4 Bc5 8. Bb2
O-O 9. e3 Bd7 10. c4 Rc8 11. cxd5 Nxd5 12. Nf5 exf5 13. Bxd5 Nb4 14. Bxb7 Rb8
15. Bf3 Bb5 16. Qxd8 Rfxd8 17. Rc1 Nd3 18. Rxc5 Nxc5 19. Bd4 Rbc8 20. Nc3 Ba6
21. Nd5 Kf8 22. Nf4 Rd7 23. Rd1 Kg8 24. Bd5 Ne4 25. a4 Nc3 26. Bxc3 Rxc3 27. h4
Kf8 28. Rd4 Rcc7 29. b4 Bb7 30. f3 Bxd5 31. Nxd5 Rc2 32. b5 Rd8 33. a5 Rc5 34.
e4 fxe4 35. fxe4 Rxb5 36. Ra4 Rb2 37. Kf1 Rc8 38. Ra1 Rcc2 0-1

[Event "Torneo Zonale"]
[Site "Caorle ITA"]
[Date "1972.07.??"]
[Round "3"]
[White "Jansa, Vlastimil"]
[Black "Ljubojevic, Ljubomir"]
[WhiteElo "2480"]
[BlackElo "2550"]
[Result "0-1"]
[PlyCount "52"]
[EventDate "1972.07.02"]

1. Nf3 Nf6 2. g3 b5 3. Bg2 Bb7 4. O-O e6 5. d3 c5 6. e4 d6 7. a4 b4 8. Nbd2 Be7
9. Nc4 d5 10. exd5 Nxd5 11. a5 O-O 12. Nfe5 Qc8 13. Re1 Nc6 14. a6 Bxa6 15.
Nxc6 Qxc6 16. Ne5 Qc8 17. Qg4 Bb7 18. Bh6 Bf6 19. Nc4 Qd7 20. Re5 Kh8 21. Bg5
Bxe5 22. Nxe5 Qc7 23. Re1 Nf6 24. Bxf6 gxf6 25. Bxb7 Qxb7 26. Nc4 Rg8 0-1

[Event "Torneo Zonale"]
[Site "Caorle ITA"]
[Date "1972.07.??"]
[Round "3"]
[White "Keene, Raymond Dennis"]
[Black "Silva, Fernando"]
[WhiteElo "2435"]
[BlackElo "2295"]
[Result "1/2-1/2"]
[PlyCount "28"]
[EventDate "1972.07.02"]

1. Nf3 d5 2. g3 Nf6 3. Bg2 e6 4. O-O Be7 5. b3 O-O 6. Bb2 c5 7. c4 Nc6 8. e3 b6
9. d3 Bb7 10. Qe2 Qc7 11. Nc3 Rad8 12. Nh4 Qb8 13. Rac1 Qa8 14. cxd5 Nxd5
1/2-1/2

[Event "Torneo Zonale"]
[Site "Caorle ITA"]
[Date "1972.07.??"]
[Round "3"]
[White "Pritchett, Craig William"]
[Black "Tatai, Stefano"]
[WhiteElo "2340"]
[BlackElo "2460"]
[Result "1-0"]
[PlyCount "63"]
[EventDate "1972.07.02"]

1. e4 c5 2. Nf3 d6 3. d4 cxd4 4. Nxd4 Nf6 5. Nc3 a6 6. Be2 Nbd7 7. O-O g6 8. f4
Bg7 9. Kh1 O-O 10. Bf3 e5 11. Nde2 Qc7 12. a4 b6 13. Qe1 Bb7 14. Qh4 Rae8 15.
Ng3 d5 16. fxe5 Nxe5 17. Bf4 Nxf3 18. Rxf3 Qc5 19. e5 Ne4 20. Nf5 gxf5 21. Nxe4
dxe4 22. Rh3 f6 23. Qxh7+ Kf7 24. Rg3 Rg8 25. Bh6 Qf8 26. exf6 Kxf6 27. Rg6+
Kf7 28. Rxb6 Bc8 29. Qg6+ Ke7 30. Bg5+ Bf6 31. Bxf6+ Kd7 32. Rd1+ 1-0

[Event "Torneo Zonale"]
[Site "Caorle ITA"]
[Date "1972.07.??"]
[Round "3"]
[White "Ree, Hans"]
[Black "Pomar Salamanca, Arturo"]
[WhiteElo "2480"]
[BlackElo "2460"]
[Result "1-0"]
[PlyCount "80"]
[EventDate "1972.07.02"]

1. d4 Nf6 2. c4 e6 3. Nc3 Bb4 4. Qc2 d5 5. cxd5 exd5 6. Bg5 Qd6 7. Bxf6 Qxf6 8.
e3 Bf5 9. Qb3 c5 10. Nf3 Nc6 11. dxc5 O-O 12. O-O-O Bxc3 13. Qxc3 Qxc3+ 14.
bxc3 Be6 15. Nd4 Rac8 16. Bb5 Nb8 17. Nb3 a6 18. Ba4 Nc6 19. Bxc6 Rxc6 20. Kb2
Ra8 21. Rd4 a5 22. a4 Kf8 23. Rhd1 Ke7 24. R1d2 h6 25. g4 Rcc8 26. f4 Bxg4 27.
Rxd5 Be6 28. Rd6 Ra7 29. e4 Bxb3 30. Rd7+ Ke8 31. Kxb3 Rxc5 32. Rd8+ Ke7 33.
R2d7+ Ke6 34. f5+ Ke5 35. Re8+ Kf6 36. Ree7 Ra6 37. Rxf7+ Ke5 38. Rde7+ Kf4 39.
Rxg7 Rb6+ 40. Kc2 Rbc6 1-0

[Event "Torneo Zonale"]
[Site "Caorle ITA"]
[Date "1972.07.??"]
[Round "3"]
[White "Wirthensohn, Heinz"]
[Black "Williams, Arthur Howard"]
[WhiteElo "2315"]
[BlackElo "2390"]
[Result "0-1"]
[PlyCount "124"]
[EventDate "1972.07.02"]

1. c4 e5 2. Nc3 Nf6 3. Nf3 Nc6 4. g3 Bb4 5. Bg2 O-O 6. O-O Bxc3 7. dxc3 d6 8.
Qc2 Be6 9. b3 h6 10. Nh4 Re8 11. e4 Qd7 12. Bd2 a5 13. a4 b6 14. f4 exf4 15.
Rxf4 Ne5 16. Nf5 Bxf5 17. Rxf5 Qe7 18. Raf1 Nfd7 19. Qd1 f6 20. g4 Rf8 21. h4
g5 22. Qc1 Rf7 23. h5 Re8 24. Qd1 Kg7 25. Be3 Nc5 26. Bd4 Ncd3 27. Be3 Qe6 28.
Qc2 Nc5 29. Qd1 Ncd7 30. Bd4 Nb8 31. R1f2 Nbc6 32. Bf1 Ne7 33. c5 Nxf5 34. exf5
Qc8 35. cxb6 cxb6 36. c4 Qc7 37. Bg2 Rfe7 38. Bc3 Nc6 39. Qa1 Ne5 40. Qd1 Qc5
41. Bd5 Qe3 42. Bxe5 Rxe5 43. Kg2 R8e7 44. Be6 Re4 45. Rd2 Rf4 46. Qe2 Qxe2+
47. Rxe2 Rxg4+ 48. Kh3 Rd4 49. Re3 Kf8 50. Kg3 Ke8 51. Rc3 Kd8 52. Re3 Kc7 53.
Rc3 Rh4 54. Rd3 Rxh5 55. Rd5 Rh4 56. b4 Rxc4 57. bxa5 Rxa4 58. axb6+ Kxb6 59.
Rxd6+ Kc7 60. Rd1 h5 61. Rc1+ Kd6 62. Rd1+ Ke5 0-1

[Event "Torneo Zonale"]
[Site "Caorle ITA"]
[Date "1972.07.??"]
[Round "4"]
[White "Bellon Lopez, Juan Manuel"]
[Black "Pritchett, Craig William"]
[WhiteElo "2385"]
[BlackElo "2340"]
[Result "0-1"]
[PlyCount "66"]
[EventDate "1972.07.02"]

1. b3 e5 2. Bb2 Nc6 3. e3 Nf6 4. Bb5 d6 5. Ne2 g6 6. d4 Bg7 7. dxe5 Nd7 8. Nd4
Ncxe5 9. f4 c5 10. fxe5 cxd4 11. O-O dxe5 12. Ba3 Qb6 13. Qd3 a6 14. Bc4 f5 15.
exd4 e4 16. Qd2 Qxd4+ 17. Kh1 Qxd2 18. Nxd2 Bxa1 19. Rxa1 Nb6 20. Bb2 Rf8 21.
Bg7 Nxc4 22. Nxc4 Rg8 23. Be5 Be6 24. Nd6+ Kd7 25. Nxb7 Kc6 26. Na5+ Kb6 27. b4
Rac8 28. Bd4+ Kc7 29. c4 Kd7 30. Rd1 Bxc4 31. Be5+ Bd3 32. Nc4 Kc6 33. Nb2 Rgd8
0-1

[Event "Torneo Zonale"]
[Site "Caorle ITA"]
[Date "1972.07.??"]
[Round "4"]
[White "Eising, Johannes"]
[Black "Bohosjan, Sarkis Stepan"]
[WhiteElo "2410"]
[BlackElo "2425"]
[Result "1-0"]
[PlyCount "60"]
[EventDate "1972.07.02"]

1. Nf3 Nf6 2. g3 d6 3. d4 Nbd7 4. Nc3 e5 5. e4 g6 6. Bg2 Bg7 7. O-O O-O 8. h3
c6 9. a4 Re8 10. a5 Rb8 11. dxe5 dxe5 12. Be3 b6 13. axb6 axb6 14. Nd2 Qc7 15.
Qe2 Nf8 16. f4 Nh5 17. Qf2 b5 18. b4 f5 19. Ne2 h6 20. c4 bxc4 21. Nxc4 Rb5 22.
g4 Nf6 23. Bb6 Qe7 24. Ra7 Bb7 25. Na5 Rb8 26. exf5 Rxb6 27. Qxb6 N8d7 28. Qe3
Ba8 29. Nb3 Bf8 30. Kh1 Qe8 1-0

[Event "Torneo Zonale"]
[Site "Caorle ITA"]
[Date "1972.07.??"]
[Round "4"]
[White "Friedgood, David"]
[Black "Jansa, Vlastimil"]
[WhiteElo "2310"]
[BlackElo "2480"]
[Result "1/2-1/2"]
[PlyCount "68"]
[EventDate "1972.07.02"]

1. e4 c5 2. Nf3 e6 3. Nc3 a6 4. d4 cxd4 5. Nxd4 Nc6 6. Be3 Qc7 7. Be2 Nf6 8.
O-O Bb4 9. Na4 O-O 10. c4 Bd6 11. f4 Nxe4 12. Kh1 Be7 13. Rc1 d6 14. Bf3 Nc5
15. Nc3 Bd7 16. a3 Nxd4 17. Bxd4 Bc6 18. b4 Bxf3 19. Rxf3 Nd7 20. Rg3 Nf6 21.
Ne4 e5 22. Nxf6+ Bxf6 23. Bb2 Rfe8 24. Rh3 g6 25. Qe2 Bg7 26. c5 Rac8 27. Re3
Qd7 28. cxd6 Rxc1+ 29. Bxc1 Qxd6 30. Bb2 f6 31. fxe5 fxe5 32. Re4 Qd5 33. a4 b5
34. axb5 axb5 1/2-1/2

[Event "Torneo Zonale"]
[Site "Caorle ITA"]
[Date "1972.07.??"]
[Round "4"]
[White "Ljubojevic, Ljubomir"]
[Black "Forintos, Gyozo Victor"]
[WhiteElo "2550"]
[BlackElo "2495"]
[Result "1-0"]
[PlyCount "47"]
[EventDate "1972.07.02"]

1. b3 d6 2. Bb2 e5 3. c4 Nf6 4. e3 g6 5. d4 Nbd7 6. Nf3 Bg7 7. dxe5 Ng4 8. Be2
Ngxe5 9. Nc3 O-O 10. Qd2 a5 11. Rd1 Re8 12. O-O Nc6 13. Nd5 Bxb2 14. Qxb2 Nb4
15. Nc3 Nf6 16. Nd4 Nc6 17. Ndb5 Re5 18. Qc1 Na7 19. f4 Re7 20. Nxa7 Rxa7 21.
c5 d5 22. e4 c6 23. Bf3 Bg4 24. e5 1-0